000 00953nam a2200241 i 4500
001 102284
003 ES-MaACL
005 20231227062633.0
007 t|
008 051108r1966 ag ||||1| spa d
245 0 0 _aDocumentos lingüísticos de España.
_nI,
_pReino de Castilla /
_cRamón Menéndez Pidal.
250 _aReimp. en offset de la 1ª ed.
260 _aMadrid :
_bConsejo Superior de Investigaciones Científicas, Patronato "Menéndez y Pelayo", Instituto Miguel de Cervantes,
_c1966.
300 _aX, 503 p. ;
_c25 cm.
490 1 _aAnejos de "Revista de filología española" ;
_v54
650 4 _aLengua española-
_yHasta S.XV-
_vTextos.
_9149853
700 1 _aMenéndez Pidal, Ramón,
_d1869-1968
_980315
710 2 _aInstituto "Miguel de Cervantes"
_95133
830 0 _aAnejos de "Revista de filología española" ;
_v54
_9191176
852 _aES-MaACL
_jP-1140
852 _aES-MaACL
_jE-15401
999 _c102284
_d102284